[Event "Penang op 11th"]
[Site "Penang"]
[Date "2019.12.13"]
[Round "7"]
[White "Liew, Mark"]
[Black "Revinthran, Darshan"]
[Result "0-1"]
[WhiteElo "1708"]
[BlackElo "1401"]
[PlyCount "66"]
[EventDate "2019.12.09"]
[EventType "swiss"]
[EventRounds "9"]
[EventCountry "MAS"]
[SourceTitle "CBM 193 Extra"]
[Source "ChessBase"]
[SourceDate "2020.01.31"]
[SourceVersion "1"]
[SourceVersionDate "2020.01.31"]
[SourceQuality "1"]

1. d4 Nf6 2. Bf4 d5 3. e3 Bf5 4. c4 e6 5. Qb3 Nbd7 6. Nc3 Be7 7. cxd5 exd5 8. Nxd5 Nxd5 9. Qxd5 Bb4+ 10. Kd1 Be6 11. Qb5 Bd6 12. Bxd6 cxd6 13. Nf3 0-0 14. Bd3 Nf6 15. Ke2 a6 16. Qb4 Nd5 17. Qd2 Bg4 18. Rhc1 Re8 19. Kf1 Bxf3 20. gxf3 Qh4 21. Bc4 Nb6 22. Bb3 Qxh2 23. Ke2 Qh4 24. Qb4 Qd8 25. Qa5 g6 26. Rh1 d5 27. Rac1 Qd6 28. Rc5 Red8 29. Rg1 Rd7 30. f4 Nc4 31. Rxc4 dxc4 32. Bxc4 Re8 33. Qg5 Qxd4 0-1